<?xml version="1.0" encoding="UTF-8"?>
<record
    xmlns:xsi="http://www.w3.org/2001/XMLSchema-instance"
    xsi:schemaLocation="http://www.loc.gov/MARC21/slim http://www.loc.gov/standards/marcxml/schema/MARC21slim.xsd"
    xmlns="http://www.loc.gov/MARC21/slim">

  <leader>00938 am a2200241 i 4500</leader>
  <controlfield tag="001">194849</controlfield>
  <controlfield tag="003">ES-MaBCM</controlfield>
  <controlfield tag="005">20250326081210.0</controlfield>
  <controlfield tag="008">131114t2013    sp ||||| |||| 00| 0 spa d</controlfield>
  <datafield tag="017" ind1=" " ind2=" ">
    <subfield code="a">M.20442-2013</subfield>
  </datafield>
  <datafield tag="020" ind1=" " ind2=" ">
    <subfield code="a">978-84-309-5855-9</subfield>
  </datafield>
  <datafield tag="035" ind1=" " ind2=" ">
    <subfield code="a">(OCoLC)870273731</subfield>
  </datafield>
  <datafield tag="040" ind1=" " ind2=" ">
    <subfield code="c">ES-MaBCM</subfield>
  </datafield>
  <datafield tag="110" ind1="2" ind2=" ">
    <subfield code="9">120835</subfield>
    <subfield code="a">Asociaci&#xF3;n Espa&#xF1;ola de Letrados de Parlamentos</subfield>
    <subfield code="b">. Jornadas.</subfield>
    <subfield code="n">(19&#xAA;.</subfield>
    <subfield code="d">2012.</subfield>
    <subfield code="c">Oviedo)</subfield>
  </datafield>
  <datafield tag="245" ind1=" " ind2="3">
    <subfield code="a">El control del gobierno en democracia</subfield>
    <subfield code="b">: XIX Jornadas de la Asociaci&#xF3;n Espa&#xF1;ola de Letrados de Parlamentos</subfield>
    <subfield code="c">Francesc Pau i Vall (coordinador) </subfield>
  </datafield>
  <datafield tag="260" ind1=" " ind2=" ">
    <subfield code="c">2013</subfield>
    <subfield code="b">Tecnos,</subfield>
    <subfield code="a">Madrid :</subfield>
  </datafield>
  <datafield tag="300" ind1=" " ind2=" ">
    <subfield code="a">288 p.</subfield>
    <subfield code="c">24 cm</subfield>
  </datafield>
  <datafield tag="650" ind1=" " ind2="7">
    <subfield code="a">Control parlamentario</subfield>
    <subfield code="9">58113</subfield>
  </datafield>
  <datafield tag="650" ind1=" " ind2="7">
    <subfield code="a">Relaci&#xF3;n Gobierno - Parlamento</subfield>
    <subfield code="9">60077</subfield>
  </datafield>
  <datafield tag="700" ind1=" " ind2=" ">
    <subfield code="9">35724</subfield>
    <subfield code="a">Pau i Vall, Francesc</subfield>
    <subfield code="d">1953-</subfield>
  </datafield>
  <datafield tag="856" ind1=" " ind2=" ">
    <subfield code="u">https://mpr-intra.koha.es/intranet-tmpl/prog/local_repository/documents/194849.pdf</subfield>
    <subfield code="y">Acceso al &#xED;ndice</subfield>
  </datafield>
  <datafield tag="942" ind1=" " ind2=" ">
    <subfield code="c">BK</subfield>
    <subfield code="2">udc</subfield>
  </datafield>
  <datafield tag="999" ind1=" " ind2=" ">
    <subfield code="c">194849</subfield>
    <subfield code="d">194849</subfield>
  </datafield>
  <datafield tag="952" ind1=" " ind2=" ">
    <subfield code="0">0</subfield>
    <subfield code="1">0</subfield>
    <subfield code="2">udc</subfield>
    <subfield code="4">0</subfield>
    <subfield code="7">0</subfield>
    <subfield code="a">BC</subfield>
    <subfield code="b">BC</subfield>
    <subfield code="c">SALA</subfield>
    <subfield code="d">2013-11-14</subfield>
    <subfield code="e">C</subfield>
    <subfield code="i"> | </subfield>
    <subfield code="k"> | </subfield>
    <subfield code="l">1</subfield>
    <subfield code="o">57112</subfield>
    <subfield code="p">1068815</subfield>
    <subfield code="r">2026-03-11 09:21:36</subfield>
    <subfield code="s">2016-01-28</subfield>
    <subfield code="w">2013-11-14</subfield>
    <subfield code="y">BK</subfield>
  </datafield>
</record>
